Guía vial del Ecuador (Record no. 14431)
[ view plain ]
| 000 -CABECERA | |
|---|---|
| campo de control de longitud fija | 01108nam a2200265 4500 |
| 003 - IDENTIFICADOR DEL NÚMERO DE CONTROL | |
| campo de control | EC-UNACH |
| 005 - FECHA Y HORA DE LA ÚLTIMA TRANSACCIÓN | |
| campo de control | 20260317144930.0 |
| 006 - CÓDIGOS DE INFORMACIÓN DE LONGITUD FIJA--CARACTERÍSTICAS DEL MATERIAL ADICIONAL | |
| campo de control de longitud fija | s||||gr|||| 00| 00 |
| 008 - DATOS DE LONGITUD FIJA--INFORMACIÓN GENERAL | |
| campo de control de longitud fija | 150116t9999 mx r gr 000 0 spa d |
| 020 ## - NÚMERO INTERNACIONAL ESTÁNDAR DEL LIBRO | |
| Número Internacional Estándar del Libro | . |
| 040 ## - FUENTE DE LA CATALOGACIÓN | |
| Centro catalogador/agencia de origen | EC-UNACH |
| Centro/agencia transcriptor | EC-UNACH |
| 041 ## - CÓDIGO DE LENGUA | |
| Código de lengua del texto/banda sonora o título independiente | spa |
| 082 04 - NÚMERO DE LA CLASIFICACIÓN DECIMAL DEWEY | |
| Número de edición | 23 |
| Número de clasificación | 910.202 |
| Número de documento/Ítem | L018636 |
| 100 ## - ENTRADA PRINCIPAL--NOMBRE DE PERSONA | |
| Nombre de persona | Gómez, Nelson |
| 245 ## - MENCIÓN DE TÍTULO | |
| Título | Guía vial del Ecuador |
| 250 ## - MENCIÓN DE EDICIÓN | |
| Mención de edición | Primera Edición |
| 264 ## - Producción, publicación, distribución, fabricación y copyright | |
| Lugar de producción, publicación, distribución, fabricación | Quito - Ecuador |
| Nombre del de productor, editor, distribuidor, fabricante | Ediguías Cía Ltda |
| Fecha de de producción, publicación, distribución, fabricación o copyright | 1980 |
| 300 ## - DESCRIPCIÓN FÍSICA | |
| Extensión | 66 páginas |
| Otras características físicas | mapas, imágenes |
| Dimensiones | 22 x 10 cm |
| 501 ## - NOTA DE "CON" | |
| Nota de “Con” | Incluye contenido |
| 505 ## - NOTA DE CONTENIDO CON FORMATO | |
| Nota de contenido con formato | Lista de hoteles Lista de hoteles de la Costa -- Lista de Hoteles de la Sierra -- Lista d Hoteles de la Amazonía -- Lista de Hoteles de Galápagos -- Lista de ciudades y poblaciones - Normas básicas para conducir -- Principales señales de tránsito -- Simbología del croquis vial -- Cuadro de distancias terrestres -- Mapa del esquema vial del general -- Mpas sectoriales del 1 al 11 |
| 942 ## - ELEMENTOS DE PUNTO DE ACCESO ADICIONAL (KOHA) | |
| Fuente del sistema de clasificación o colocación | Clasificación Decimal Dewey |
| Tipo de ítem Koha | Libros |
| 999 ## - NÚMEROS DE CONTROL DE SISTEMA (KOHA) | |
| Koha biblionumber | 14431 |
| Estado de pérdida | Fuente del sistema de clasificación o colocación | Estado dañado | No para préstamo | Localización permanente | Ubicación/localización actual | Ubicación en estantería | Fecha de adquisición | Fuente de adquisición | Número de inventario | Total de préstamos | Signatura topográfica completa | Código de barras | Fecha visto por última vez | Número de copia | Precio válido a partir de | Tipo de ítem Koha | Centro de costos |
|---|---|---|---|---|---|---|---|---|---|---|---|---|---|---|---|---|---|
| Clasificación Decimal Dewey | Biblioteca Campus Sur | Biblioteca Campus Sur | Pedagogía de la Historia y las Ciencias Sociales | 17/03/2026 | Transitoria segunda Reglamento de Biblioteca | 325959 | 910.202 GOM L018635 | L018635 | 17/03/2026 | Ejemplar: 01 | 17/03/2026 | Libros |